Diseño de un modelo para mejorar la gestión de la logística de almacenamiento del Centro de Distribución Alonso & Cía
Guardado en:
| 主要作者: | |
|---|---|
| 其他作者: | , |
| 格式: | 圖書 |
| 出版: |
[San José, Costa Rica]
2008
|
| 主題: | |
| 標簽: |
添加標簽
沒有標簽, 成為第一個標記此記錄!
|
MARC
| LEADER | 00000nam a2200000Ia 4500 | ||
|---|---|---|---|
| 003 | 001242 | ||
| 005 | 20221231144055.0 | ||
| 008 | 140114s2008 cr a 000 ||s d | ||
| 040 | |c cru CEDI | ||
| 090 | |a TFG 5764 | ||
| 100 | |a Arce Hidalgo, Nelson |9 4128 | ||
| 245 | |a Diseño de un modelo para mejorar la gestión de la logística de almacenamiento del Centro de Distribución Alonso & Cía | ||
| 260 | |c 2008 |b [San José, Costa Rica] | ||
| 300 | |a xiv, 206 hojas; ilustraciones a color | ||
| 500 | |a Proyecto de graduación (licenciatura en ingeniería industrial)--Universidad de Costa Rica. Facultad de ingeniería. Escuela de Ingeniería Industrial | ||
| 650 | |x CENTRO DE DISTRIBUCION DE ALONSO & CIA (COSTA RICA) |x FUNCIONARIOS Y EMPLEADOS |x CALIDAD TOTAL |x DISTRIBUCION EN PLANTA RPORACION AUTOMERCADO (COSTA RICA) |x FISICA DE MERCANCIAS |x MANEJO DE MATERIALES |x CORPORACION AUTOMERCADO (COSTA RICA) |x PRODUCTIVIDAD INDUSTRIAL |9 4131 | ||
| 700 | |9 4129 |a Mata Castillo, Randall Andrés | ||
| 700 | |9 4130 |a Solís Jara, Jorge | ||
| 942 | |c TFG | ||
| 999 | |c 16495 |d 16495 | ||
